00314nam a22001337a 4500003000400000020001800004082001600022100002100038245004600059250001200105260003500117300000800152653002000160SGT a9789385915642 a617.6bC16S aSikri, Vimal K.  aComprehensive Applied Basic Sciences CABS a1st Ed. bCBS Publisher Pvt. Ltd. c2016 a324 aMDS Examination